000 00330pab a2200145 454500
008 180718b1997 xxu||||| |||| 00| 0 eng d
100 _aTrivedi, R.S.
245 _aBeing professional
260 _c1997
300 _ap.1-2
362 _a19 May
650 _aEducational personnel
773 _aUniversity News
909 _a34042
999 _c34042
_d34042